000
00333nam a2200133Ia 4500
008
240624s9999 xx 000 0 und d
041
_a
eng
082
_a
620.00688 RYA
100
_a
RYANS ADRIAN
245
_a
WINNING MARKET LEADERSHIP STRATEGIC MARK
260
_c
2000
_a
New York
_b
John Wiley
300
_a
328 : p.
365
_c
_b
30
999
_c
24418
_d
24418